鬼作伴
| 資料類型: | 圖書 | 書目號: | 44410 |
Leader xxxxxxxxxx 001 __ PCLIS00044410 005 __ 20220215134835.0 010 0_ |a978-986-6591-87-7|b平裝|dNT$160 100 __ |a20120410d2009 m y0chiy09 e 101 0_ |achi 102 __ |atw 105 __ |ay z 000ay 200 1_ |a鬼作伴|f笭菁著 205 __ |a初版 210 __ |a臺北市|c明日工作室|d2009[民98] 215 0_ |a207面|d21公分 225 2_ |a明日名家|i笭菁全集|v5 300 __ |a作者號由t038誤取"苓菁"補0 410 _0 |12001 |a明日名家|i笭菁全集|v5 681 __ |a857.7|b855 681 __ |a857.7|b8450 700 _0 |a笭菁|4著 801 _0 |atw|b內湖高中|c20120410|gCCR |